Knižný kolotoč

Podrobná bibliografia
Hlavní autori: Čelková, Ľudmila, 1944- (Autor, Tazateľ), Huska, Ernest (Autor)
Médium: Článok
Jazyk:slovenčina
ISSN:1210-1982
Predmet:

MARC

LEADER 00000nab a2200000 ar4500
001 vtls009953566
003 SK-MaSNL
005 20260304220038.0
008 090925c2009 xo |r|p|||||||000 b|slo
015 |a SNBRB2009/09  |2 snkbucl 
038 |a SNKBUCL 
040 |a SNKBUCL  |b slo  |c SNKBUCL  |e AACR2 
041 0 |a slo 
044 |a xo  |c SK 
080 |a 027.52  |x (437.6)  |2 2001 
080 |a 024/.025  |2 2001 
100 1 |a Čelková, Ľudmila,  |d 1944-  |4 ivr  |4 aut  |9 97615 
245 1 0 |a Knižný kolotoč  |c Lýdia Čelková, Ernest Huska 
610 2 7 |a Miestna knižnica (Bratislava-Petržalka, Slovensko)  |2 snkbucl  |9 1050986 
610 2 7 |a Knižný kolotoč (projekt)  |2 snkbucl  |9 1551328 
648 7 |a 2009  |2 snkbucl  |9 320114 
650 0 7 |a knižný fond  |x vyradené knihy  |2 snkbucl  |9 1551329 
650 0 7 |a výpožičky  |2 snkbucl  |9 49793 
651 7 |a Petržalka (Bratislava, Slovensko)  |2 snkbucl  |9 20817 
700 1 |a Huska, Ernest  |4 ive  |4 aut  |9 409872 
773 0 |t Knižná revue  |g Roč. XIX, č. 18 (2009), s. 10  |x 1210-1982 
852 |a SNK  |b KIS3GCP 
958 |a KL 
958 |a SK 
999 |c 3149575  |d 3151505